Catálogo
 En Linea

La biblia es la palabra de Dios : (Registro nro. 50523)

Detalles MARC
000 -CABECERA
campo de control de longitud fija 00624nam a22002057a 4500
003 - IDENTIFICADOR DEL NÚMERO DE CONTROL
campo de control DO-SdBNP
005 - FECHA Y HORA DE LA ÚLTIMA TRANSACCIÓN
campo de control 20210915144108.0
007 - CAMPO FIJO DE DESCRIPCIÓN FÍSICA--INFORMACIÓN GENERAL
campo de control de longitud fija ta
008 - DATOS DE LONGITUD FIJA--INFORMACIÓN GENERAL
campo de control de longitud fija 210915b 2018 dr 00| 0 eng d
020 ## - NÚMERO INTERNACIONAL ESTÁNDAR DEL LIBRO
Número Internacional Estándar del Libro 9789945912241
040 ## - FUENTE DE LA CATALOGACIÓN
Centro catalogador/agencia de origen DO-SdBNP
Lengua de catalogación spa
Centro/agencia transcriptor BNPHU
082 #4 - NÚMERO DE LA CLASIFICACIÓN DECIMAL DEWEY
Número de edición BNPHU
Número de documento/Ítem B446b
100 1# - ENTRADA PRINCIPAL--NOMBRE DE PERSONA
Nombre de persona Bello Valenzuela, Silverio Manuel
9 (RLIN) 1782
245 13 - MENCIÓN DE TÍTULO
Título La biblia es la palabra de Dios :
Resto del título un enfoque apologético /
Mención de responsabilidad, etc. Silverio Manuel Bello Valenzuela
300 ## - DESCRIPCIÓN FÍSICA
Extensión 77 p. ;
Dimensiones 21 cm.
500 ## - NOTA GENERAL
Nota general Incluye datos biográficos del autor en la contracubierta
590 ## - NOTA LOCAL (RLIN)
Nota local Inventariado, 2021/BT
910 ## - DATOS DE OPCIÓN DEL USUARIO (OCLC)
Datos de opción del usuario Btavárez
942 ## - ELEMENTOS DE PUNTO DE ACCESO ADICIONAL (KOHA)
Fuente del sistema de clasificación o colocación Dewey Decimal Classification
Tipo de ítem Koha Libro
Existencias
Estado de retiro Estado de pérdida Fuente del sistema de clasificación o colocación No para préstamo Código de colección Localización permanente Ubicación/localización actual Ubicación en estantería Fecha de adquisición Fuente de adquisición Total de préstamos Signatura topográfica completa Código de barras Fecha visto por última vez Precio válido a partir de Tipo de ítem Koha Número de copia
    Dewey Decimal Classification Préstamo en sala Monografías: Libros y Folletos Biblioteca Nacional Pedro Henríquez Ureña Dominicana En catalogación 15.09.2021 Depósito Legal   BNPHU DS B446b 2021-26595 15.09.2021 15.09.2021 Libro e.3
    Dewey Decimal Classification Excluido de préstamo Monografías: Libros y Folletos Biblioteca Nacional Pedro Henríquez Ureña Patrimonio Dominicano Depósito 15.09.2021 Depósito Legal   BNPHU PD B446b 2021-26593 15.09.2021 15.09.2021 Libro  
    Dewey Decimal Classification Excluido de préstamo Monografías: Libros y Folletos Biblioteca Nacional Pedro Henríquez Ureña Patrimonio Dominicano Depósito 15.09.2021 Depósito Legal   BNPHU PD B446b 2021-26594 15.09.2021 15.09.2021 Libro e.2

Con tecnología Koha